000 00740nam a2200253Ia 4500
003 OSt
005 20221005081126.0
006 a|||||r|||| 00| 0
007 ta
008 221004b |||||||| |||| 00| 0 eng d
020 _a8172340508 (hbk)
_c1695
024 _a97921
037 _b131, 19/11/2009, Standard Book House
_cTextual
040 _aCRL
_cCRL
_beng
041 _2eng
_aeng
082 _aQ8441:332, P4
100 _aDaljeet
_9606253
245 0 _aSikh heritage
_b A search for totality
260 _aNew Delhi
_bPrakash Book India
_c2004
300 _a164p.
_ccm.
650 _aRELIGION
942 _hQ8441:332, P4
_cTEXL
_2cc
999 _c987205
_d987205